Szczegóły MARC21

Gimnastyka przedszkolaka /

003 -Nazwa inst., której nr kontr. jest w polu 001 [,]
    • @
    • Nazwa instytucji, której n kontrolny jest w polu 001
    • NUKAT
005 -DATA I CZAS OSTATNIEJ MODYFIKACJI [,]
    • @
    • pole kontrolne
    • 20241231101359.0
020 -Międzynarod. znormalizowany nr książki - ISBN [ , ]
    • a
    • Numer ISBN
    • 9788392681946 Find
040 -Instytucja sporządzająca opis [ , ]
    • a
    • Instytucja, która sporządziła opis (NP)
    • BYDG 020/AM
    • b
    • Język katalogowania
    • pol
    • e
    • Zasady katalogowania
    • rda
    • c
    • Instytucja, która sporządziła rekord (NP)
    • BYDG 020/AM
    • d
    • Instytucja, która zmodyfikowała rekord (P)
    • KR 122/AKs
942 -Rodzaj dokumentu [ , ]
    • c
    • Rodzaj dokumentu
    • Książka
100 -Hasło główne - nazwa osobowa [1, ]
    • a
    • Nazwa osobowa (NP)
    • Owczarek, Sławomir.
    • e
    • Rodzaj współpracy
    • Autor
    • 9
    • KHW
    • 94025
245 -Strefa tytułu i oznaczenia odpowiedzialności [1,0]
    • a
    • Tytuł
    • Gimnastyka przedszkolaka / Find
    • c
    • Pozostałe elementy strefy tytułu i oznaczenia odpowiedzialności (NP)
    • Sławomir Owczarek.
260 -Strefa adresu wydawniczego [ , ]
    • a
    • Miejsce wydania (P)
    • Warszawa :
    • b
    • Nazwa wydawcy (P)
    • Korso, Usługi w Zakresie Rehabilitacji Ruchowej Sławomir Owczarek,
    • c
    • Data wydania (P)
    • 2020.
300 -Strefa opisu fizycznego [ , ]
    • a
    • Określenie formy książki i/lub objętość (NP)
    • 203 strony :
    • b
    • Oznaczenie ilustracji (NP)
    • ilustracje kolorowe ;
    • c
    • Format (NP)
    • 24 cm.
336 -Typ zawartości [ , ]
    • a
    • Termin opisujący typ zawartości
    • Tekst
    • b
    • Kod określający zawartość
    • txt
    • 2
    • Źródło (terminu i kodu)
    • rdacontent
337 -Typ mediów [ , ]
    • a
    • Tryb odtwarzania
    • Bez urządzenia pośredniczącego
    • b
    • Kod typu mediów
    • n
    • 2
    • Źródło (terminu i kodu)
    • rdamedia
338 -Typ/rodzaj nośnika [ , ]
    • a
    • Hasło opisujące typ nośnika
    • Wolumin
    • b
    • Kod typu nośnika
    • nc
    • 2
    • Źródło (terminu i kodu)
    • rdacarrier
650 -Hasło przedmiotowe [ ,7]
    • a
    • Hasło przedmiotowe
    • Ćwiczenia fizyczne dla dzieci.
    • 2
    • Źródło terminu
    • kaba
    • 9
    • KHW
    • 140358
650 -Hasło przedmiotowe [ ,7]
    • a
    • Hasło przedmiotowe
    • Dzieci w wieku przedszkolnym
    • x
    • Określnik rzeczowy
    • wychowanie fizyczne.
    • 2
    • Źródło terminu
    • kaba
    • 9
    • KHW
    • 382157
650 -Hasło przedmiotowe [ ,7]
    • a
    • Hasło przedmiotowe
    • Gimnastyka dla dzieci.
    • 2
    • Źródło terminu
    • kaba
    • 9
    • KHW
    • 109999
710 -Hasło dodatkowe - nazwa ciała zbiorowego [2, ]
    • a
    • Nazwa ciała zbiorowego lub nazwa geograficzna jako pierwszy element (NP)
    • Korso, Usługi w Zakresie Rehabilitacji Ruchowej, Sławomir Owczarek.
    • e
    • Rodzaj współpracy
    • Wydawca
    • 4
    • Kod relacji
    • pbl
    • 9
    • KHW
    • 547755
920 -ISBN [ , ]
    • a
    • ISBN
    • 978-83-926819-4-6 Find
Data inwentaryzacji Status udost. Lokalizacja Sygnatura Numer inwentarzowy
2020-07-291BMKorekcja wad postawy 46WF.10647